[Event "Otocec Krka Terme op"]
[Site "Otocec"]
[Date "2018.12.28"]
[Round "8"]
[White "Marinc, Primoz"]
[Black "Pajek, Tjasa"]
[Result "0-1"]
[WhiteElo "1349"]
[BlackElo "1384"]
[PlyCount "54"]
[EventDate "2018.12.25"]
[EventType "swiss"]
[EventRounds "9"]
[EventCountry "SLO"]
[SourceTitle "EXT 2020"]
[Source "ChessBase"]
[SourceDate "2019.10.17"]
[SourceVersion "1"]
[SourceVersionDate "2019.10.17"]
[SourceQuality "1"]

1. d4 d5 2. c4 c6 3. Nc3 Nf6 4. e3 e6 5. Nf3 c5 6. b3 Be7 7. Bb2 Nc6 8. dxc5 Bxc5 9. cxd5 exd5 10. Be2 0-0 11. 0-0 Be6 12. Na4 Be7 13. Rc1 Rc8 14. Nc5 Ne4 15. Nxe4 dxe4 16. Qxd8 Rfxd8 17. Nd4 Nxd4 18. Bxd4 a6 19. f3 Bd5 20. fxe4 Bxe4 21. Bc4 Bg6 22. Bb6 Ba3 23. Rc3 Rf8 24. e4 Rc6 25. Ba5 Bxe4 26. Rxf7 Rxf7 27. Re3 Bc5 0-1

[Event "Otocec Krka Terme op"]
[Site "Otocec"]
[Date "2018.12.26"]
[Round "5"]
[White "Ruzic, Pia Marie"]
[Black "Marinc, Primoz"]
[Result "1-0"]
[WhiteElo "1619"]
[BlackElo "1349"]
[PlyCount "87"]
[EventDate "2018.12.25"]
[EventType "swiss"]
[EventRounds "9"]
[EventCountry "SLO"]
[SourceTitle "EXT 2020"]
[Source "ChessBase"]
[SourceDate "2019.10.17"]
[SourceVersion "1"]
[SourceVersionDate "2019.10.17"]
[SourceQuality "1"]

1. c4 e6 2. Nf3 Nf6 3. g3 d5 4. d4 Nbd7 5. Qc2 b6 6. Bg2 Bb7 7. 0-0 dxc4 8. Qxc4 Be7 9. Bf4 Rc8 10. Nc3 a6 11. b4 b5 12. Qb3 Nb6 13. Rad1 0-0 14. Rfe1 Nc4 15. e4 Re8 16. Ne5 Nb6 17. Nd3 Nfd7 18. Nc5 Bxc5 19. dxc5 Qe7 20. e5 Nd5 21. Nxd5 exd5 22. Bxd5 Bxd5 23. Qxd5 Nf8 24. Qc6 Qe6 25. Qxe6 Rxe6 26. Rd5 f6 27. Red1 Ng6 28. exf6 Nxf4 29. gxf4 Rxf6 30. Rd8+ Rxd8 31. Rxd8+ Kf7 32. Rd7+ Kg6 33. Rxc7 Rxf4 34. Rc6+ Kg5 35. a3 Kg4 36. Kg2 g5 37. Rxa6 Rc4 38. Ra5 Rc1 39. Rxb5 h5 40. Rb8 h4 41. h3+ Kf4 42. Re8 g4 43. Rf8+ Kg5 44. Rg8+ 1-0

[Event "Otocec Krka Terme op"]
[Site "Otocec"]
[Date "2017.11.10"]
[Round "5"]
[White "Rudman, Rok"]
[Black "Marinc, Primoz"]
[Result "1-0"]
[WhiteElo "1179"]
[BlackElo "1174"]
[PlyCount "87"]
[EventDate "2017.11.02"]
[EventType "swiss"]
[EventRounds "9"]
[EventCountry "SLO"]
[SourceTitle "EXT 2019"]
[Source "ChessBase"]
[SourceDate "2018.10.10"]
[SourceVersion "1"]
[SourceVersionDate "2018.10.10"]
[SourceQuality "1"]

1. c4 Nf6 2. Nf3 e6 3. Nc3 Bb4 4. Qb3 Bc5 5. g3 0-0 6. Bg2 d5 7. d4 Be7 8. Bf4 Nc6 9. c5 Ne4 10. 0-0 Bf6 11. e3 Na5 12. Qc2 Nxc3 13. Qxc3 Nc6 14. b4 a5 15. b5 Na7 16. a4 Bd7 17. Be5 Bxe5 18. Nxe5 c6 19. b6 Nc8 20. Nd3 Ra6 21. Rfb1 Ne7 22. Nc1 Nf5 23. Bf1 Ra8 24. Nb3 Qg5 25. Bg2 Ra6 26. Nd2 Re8 27. Nf3 Qh6 28. Re1 Qf6 29. Re2 h6 30. Ne5 Qd8 31. Rae1 Ne7 32. Qd3 Qc8 33. e4 dxe4 34. Bxe4 Nd5 35. Bxd5 cxd5 36. Qb3 Bc6 37. Ra2 Re7 38. Nxc6 Qxc6 39. Qb5 Qxb5 40. axb5 Ra8 41. c6 bxc6 42. bxc6 Ree8 43. c7 Rac8 44. Rc2 1-0

[Event "SLO-ch U10"]
[Site "Ptuj"]
[Date "2017.03.01"]
[Round "5"]
[White "Marinc, Primoz"]
[Black "Kumin, Jure"]
[Result "1-0"]
[WhiteElo "1048"]
[BlackElo "1714"]
[PlyCount "83"]
[EventDate "2017.02.27"]
[EventType "swiss"]
[EventRounds "9"]
[EventCountry "SLO"]
[SourceTitle "CBM 177 Extra"]
[Source "ChessBase"]
[SourceDate "2017.04.27"]
[SourceVersion "1"]
[SourceVersionDate "2017.04.27"]
[SourceQuality "1"]

1. d4 f5 2. c4 g6 3. Nc3 Nf6 4. Nf3 Bg7 5. e3 0-0 6. Be2 d6 7. 0-0 c6 8. b3 Bd7 9. Bb2 Na6 10. Rc1 Nc7 11. Qd3 h6 12. Rfe1 Qe8 13. Bf1 g5 14. g3 Qg6 15. Bg2 Rf7 16. d5 Raf8 17. Rc2 Kh7 18. Ne2 h5 19. h4 gxh4 20. Nxh4 Qg5 21. Nf4 Ng8 22. Nh3 Qh6 23. Bxg7 Qxg7 24. Qd2 e5 25. e4 f4 26. Qd1 Qh6 27. Nf5 Bxf5 28. exf5 Rxf5 29. Be4 fxg3 30. fxg3 Qg6 31. Rg2 Ne7 32. g4 Rg8 33. gxf5 Qf7 34. Ng5+ Rxg5 35. Rxg5 Kh6 36. Qd2 Kh7 37. f6+ Kh8 38. fxe7 Qxe7 39. Rxh5+ Kg8 40. Qg2+ Kf8 41. Rh8+ Kf7 42. Qg6# 1-0

[Event "SLO-ch U10"]
[Site "Ptuj"]
[Date "2017.02.28"]
[Round "4"]
[White "Kovac, Mak"]
[Black "Marinc, Primoz"]
[Result "1-0"]
[WhiteElo "1211"]
[BlackElo "1048"]
[PlyCount "43"]
[EventDate "2017.02.27"]
[EventType "swiss"]
[EventRounds "9"]
[EventCountry "SLO"]
[SourceTitle "CBM 177 Extra"]
[Source "ChessBase"]
[SourceDate "2017.04.27"]
[SourceVersion "1"]
[SourceVersionDate "2017.04.27"]
[SourceQuality "1"]

1. e4 e5 2. Nf3 Nc6 3. Bb5 Bc5 4. 0-0 d6 5. h3 Bd7 6. d3 Nf6 7. c3 h6 8. Re1 0-0 9. Nbd2 a6 10. Ba4 Re8 11. Nf1 Ne7 12. Bb3 Ng6 13. Ng3 Re7 14. d4 exd4 15. cxd4 Bb4 16. Bd2 Bxd2 17. Qxd2 Bc6 18. Qc2 Qe8 19. e5 dxe5 20. Qxg6 e4 21. Nf5 Rd7 22. Qxg7# 1-0